Transakčný sektor v Európskej únii podľa diela Johna Wallisa a Douglassa Northa bakalárska práca

Guardado en:
Detalles Bibliográficos
Autor principal: Bordáč, Patrik
Autor Corporativo: Obchodná fakulta EU. Katedra medzinárodného obchodu
Otros Autores: Steinhauser, Dušan, 1988-
Formato: Libro
Lenguaje:eslovaco
Publicado: Bratislava 2022
Etiquetas: Agregar Etiqueta
Sin Etiquetas, Sea el primero en etiquetar este registro!

MARC

LEADER 00000nbm a2200000 4500
001 0287513
005 20221201125734.5
041 0 |a slo 
044 |a SK 
245 1 0 |a Transakčný sektor v Európskej únii podľa diela Johna Wallisa a Douglassa Northa  |b bakalárska práca  |c Patrik Bordáč ; školiteľ: Dušan Steinhauser 
264 1 |a Bratislava  |c 2022 
300 |a 37 s. 
100 1 |a Bordáč, Patrik 
700 1 |a Steinhauser, Dušan, 1988- 
710 2 |a Obchodná fakulta EU. Katedra medzinárodného obchodu